[Event "AUT-ch U08"]
[Site "St Kanzian"]
[Date "2018.06.01"]
[Round "3.5"]
[White "Depaoli Hauser, Noel Elijah"]
[Black "Mauthner, Theo"]
[Result "1-0"]
[WhiteElo "876"]
[BlackElo "984"]
[PlyCount "39"]
[EventDate "2018.06.01"]
[EventType "swiss"]
[EventRounds "7"]
[EventCountry "AUT"]
[SourceTitle "EXT 2024"]
[Source "ChessBase"]
[SourceDate "2023.10.10"]
[SourceVersion "1"]
[SourceVersionDate "2023.10.10"]
[SourceQuality "1"]

1. e4 c5 2. Nf3 Nf6 3. Nc3 g6 4. Bc4 Bg7 5. d3 0-0 6. 0-0 e6 7. Bg5 b6 8. e5 Bb7 9. exf6 Bxf6 10. Bh6 Re8 11. Qd2 Bxf3 12. gxf3 Nc6 13. Ne4 Bxb2 14. Bg5 Qc7 15. Nf6+ Kh8 16. Rae1 Bxf6 17. Bxf6+ Kg8 18. Qh6 Qxh2+ 19. Kxh2 Red8 20. Qg7# 1-0